"You Are So Beautiful"(By Joe Cocker) Lyrics! - Statistics

General Stats
  • This quiz has been taken 24 times
  • The average score is 34 of 59
Answer Stats
Answer % Correct
are
100%
so
100%
You
100%
beautiful
93%
are
73%
beautiful
73%
me
73%
me
73%
so
73%
to
73%
to
73%
You
73%
so
60%
you
60%
are
53%
are
53%
are
53%
are
53%
beautiful
53%
beautiful
53%
beautiful
53%
beautiful
53%
Can't
53%
Can't
53%
for
53%
me
53%
me
53%
me
53%
see
53%
see
53%
so
53%
so
53%
so
53%
to
53%
to
53%
to
53%
to
53%
You
53%
You
53%
You
53%
you
53%
You
53%
everything
47%
everything
47%
everything
47%
for
47%
hoped
47%
hoped
47%
I
47%
I
47%
I
47%
me
47%
need
47%
You're
47%
You're
47%
You're
47%
I
40%
need
40%
Everything
33%
No matching quizzes found
Score Distribution
Percent of People with Each Score
Percentile by Number Answered
Your Score History
You have not taken this quiz